00383nam a22001577a 4500003000400000020001800004082001800022100002700040245004000067250000800107260002900115300000800144650002400152653002400176700002500200SGT a9788192297750 a617.645bF14M aMathewson, Richard J.  aFundamentals of Pediatric Dentistry a3rd bQuintessence Booksc2014 a400 aPediatric Dentistry aPediatric Dentistry aPrimosch, Robert E.